000 01034cam a2200349 a 4500
001 2040
003 FISKH
005 20231101152656.0
008 810709s1982 njua j 000 0 eng
010 _a 81011425
020 _a0349888530
020 _a9780439888530 (pbk.) :
040 _aDLC
_cDLC
_dDLC
_beng
042 _alcac
050 0 0 _aQH91.16
_b.P35 1982
082 0 0 _a574.92
_219
100 2 _aBerger, Melvin
245 1 0 _aWhat's under the ocean /
_cBy Melvin and Gilda Berger
260 _aNew York :
_bScholastic,
_c2006.
300 _a32 pages :
_bcolor illustrations ;
_c18 × 22cm
490 0 _aNow I know
505 _aF
520 _aBrief text and pictures introduce some animals and plants that live in the ocean.
521 8 _a330
_bLexile
521 8 _aF
_bRaz-Plus
650 0 _aMarine biology
_xJuvenile literature.
650 1 _aMarine biology.
650 1 _aOcean.
700 _aBerger, Gilda
_eAuthor
906 _a7
_bcbc
_corignew
_d1
_eocip
_f19
_gy-gencatlg
942 _2ddc
_cBK
_n0
999 _c2040
_d2040